00684nam a2200181 a 4500003000200000005001700002008004100019050003000060100003900090245007500129260009200204300004100296504004100337650001800378650004300396650003300439650003000472020250407100654.0050809s19uu xx 00 eng d aPGS GV 1029.5b.P222 2005 aParadero, Joshua Benjamin Casilao. aBenefits and risks of drag racing /cJoshua Benjamin Casilao Paradero. aLas Piñas City, Philippines : bSouthville International School and Colleges,c2005. a30 pages :billustrations ; c28 cm. aIncludes bibliographical references. aDrag racing.  a Automobile racingvSafety measures.  aMotorsportsvSocial aspects. aRisk-taking (Psychology).